Mistrzostwa Europy w Piłce Nożnej 2024 - Statystyki

Ogólne statystyki
  • Ten quiz został rozwiązany 847 razy
  • Średni wynik to 22 z 24
Statystyki odpowiedzi
Grupa A % Poprawnych
Francja
99%
Polska
99%
Austria
98%
Hiszpania
98%
Niderlandy
98%
Niemcy
98%
Portugalia
98%
Włochy
97%
Anglia
96%
Chorwacja
94%
Ukraina
94%
Belgia
93%
Słowacja
93%
Szwajcaria
93%
Słowenia
92%
Turcja
92%
Szkocja
91%
Albania
90%
Czechy
90%
Węgry
90%
Rumunia
89%
Dania
88%
Gruzja
88%
Serbia
85%
Nie znaleziono quizów pasujących do podanych kryteriów
Rozkład punktacji
Procent ludzi z każdym wynikiem
Percentyl według liczby udzielonych odpowiedzi
Twoja historia wyników
Nie rozwiązałeś tego quizu